Statistics for Државе на слово Л

Click here to take the quiz!

General Stats

  • This quiz has been taken 1 231 times
  • The average score is 7 of 9

Answer Stats

Држава% Correct
Литванија
94%
Летонија
92%
Луксембург
86%
Либија
81%
Либан
79%
Лихтенштајн
77%
Лаос
74%
Либерија
66%
Лесото
63%

Score Distribution

Percentile by Number Answered

Percent of People with Each Score

Your Score History

You have not taken this quiz